| 000 | 00400cam a2200181 4500 | ||
|---|---|---|---|
| 001 | D6834 | ||
| 008 | 090401t1975 xxu||||| |||| 00| 0 eng d | ||
| 035 | _a(Sirsi) u3457 | ||
| 041 | _aeng | ||
| 050 | _a306.026 | ||
| 100 | _aMacey, John | ||
| 245 | _aHousing Act, 1974 | ||
| 260 |
_aLondon _bButterworths _c1975 |
||
| 300 | _axiv. 307p. 25cm | ||
| 350 | _a0 | ||
| 942 | _n0 | ||
| 948 | _c04/03/1997 | ||
| 999 |
_c85883 _d85883 |
||